| 000 | 00855nam a2200205Ia 4500 | ||
|---|---|---|---|
| 003 | GCL | ||
| 008 | 140319s9999 xx 000 0 ara d | ||
| 040 |
_aGCL / _cGCL |
||
| 082 | 0 | 4 |
_a920.72 _bس ن |
| 100 | 1 | _aابن الساعى : تاج الدين ابو طالب على بن انجب بن عثمان بن عبدالله | |
| 245 | 1 | 0 |
_aنساء الخلفاء المسمى جهات الائمة الخلفاء من الحرائر والاماء / _cابن الساعى : تاج الدين ابو طالب على بن انجب بن عثمان بن عبدالله |
| 700 | 1 | _aمصطفى جواد | |
| 260 |
_a[S.N] : _bدار المعارف ، _c1993 |
||
| 300 | _a136 ص | ||
| 490 |
_aذخائر العرب _v0 |
||
| 650 | 0 | 4 | _aالادب العربى |
| 650 | 0 | 4 | _aالمرأة فى الادب |
| 650 | 0 | 4 | _aالمجموعات |
| 942 |
_2ddc _cBK |
||
| 999 |
_c56145 _d56145 |
||